000 01170nam a2200301 c 4500
003 BLK
005 20180422110953.0
008 180409b bul|||||r ||||||| ||bul||
010 _aKNG00129584000
040 _aBLK
041 _aBUL
_cBUL
080 _aБългарска литература
_b821.163.2
_x-7
_z821.163.2-7
100 1 _aАрнаудов, Борис Стефанов
_eпърви автор
_9270552
700 1 _aСимеонов, Генчо
_eил.
_9376995
139 _aАрнаудов, Борис Стефанов
_bА 87
245 1 0 _aСвалям ти шапка майсторе
_bХуморист. разкази
_cБорис Стефанов Арнаудов; ил. Генчо Симеонов.
257 _aBGR
260 София
_bСтършел
_c1989
300 _a64 с.
_bс ил.
_c17 см
380 _aX
490 1 _aБиблиотека Стършел
_vКн. 6
500 _a34 800 тир.
852 _aЦб І 24339
856 4 _qpdf
_u
856 4 _qpdf
_u
942 _cKNG
_n0
944 _aCR
_c06.04.2012
_l06.04.2012 - от С1,Р / 06.04.2012
_kЛюбомир_Делиганев
944 _aED
_c06.04.2012
_l06.04.2012 - от С1,Р / 06.04.2012
_k
999 _c123921
_d123921